O Polegarzinho (Registo nº 60975)

Detalhes MARC
000 -Etiqueta do registo
campo de controlo de comprimento fixo 008300000a22002530004500
001 - Identificador do registo
Campo de controlo 60975
100 ## - Dados Gerais de Proc.
Dados gerais de processamento 20050907d2002 b||y0pory5003 ba
101 0# - Língua da publicação
Língua do texto, banda sonora, etc. Português
102 ## - País de Publicação
País de publicação Portugal
200 1# - Título
Título próprio O Polegarzinho
210 ## - Publicação, Distribuição
Lugar da edição, distribuição, etc. [Lisboa]
Nome do editor, distribuidor, etc. Resomnia
Data da publicação, distribuição, etc. 2002
215 ## - Descrição física
Descrição física [10] p.
Outras indicações físicas todo il.
225 2# - Colecção
Título próprio da colecção O sonho da criança II
300 ## - Notas gerais
Texto da nota Colecção de livros auxiliares para o 1º. Ciclo do Ensino Básico
300 ## - Notas gerais
Texto da nota Letras tratadas: an, amb, amp.
305 ## - Edição e história bibliográfica
Texto da nota Conto de fadas europeu, recontado pelo escritor francês Charles Perrault.
606 ## - Nome comum
Elemento de entrada Literatura infantil -- Conto
675 ## - CDU
Notação 087.5-053.4
Edição BN
Língua da edição Português
090 ## - Números de controlo do sistema (Koha)
Número biblioitem do Koha (gerado automaticamente) 60975
942 ## - Elementos de entrada adicionados (Koha)
Tipo de item no Koha Monografias
Suprimido Disponível no OPAC
999 ## - Campo local
Campo local 22161
Exemplares
Removido (estado) Perdido (estado) Data de aquisição Origem do registo (biblioteca) (codificado) Código da organização que empresta ou é detentora (biblioteca) Código de barras Número de inventário Cota Tipo de circulação (não pode ser emprestado) Tipo de item e material
Disponível Disponível 2020-10-08 Biblioteca EB23 D. Paio Peres Correia Biblioteca EB23 D. Paio Peres Correia BEBDPPC7904 7904 087.5 SON Normal Monografias